| 000 | 01164ctm a22002651i 4500 | ||
|---|---|---|---|
| 003 | SA-RiAUC | ||
| 005 | 20251216123804.0 | ||
| 008 | 251208s1979 su f m 000 0 ara c | ||
| 040 |
_aSA-JeALM _bara _cSA-RiAUC _erda |
||
| 082 | 0 | 4 |
_a251.222 _qSA-RiAUC |
| 090 |
_aر 251.222 _bس د ا |
||
| 100 | 1 |
_aسدايو، موفق منور _eمؤلف. |
|
| 245 | 1 | 2 |
_aالإباحة في الشريعة الإسلامية / _cإعداد موفق منور سدايو ؛ إشراف عبد الوهاب إبراهيم أبو سليمان. |
| 264 | 0 |
_aمكة المكرمة : _bجامعة الملك عبدالعزيز _c1980 |
|
| 300 |
_a242 ورقة ؛ _c30 سم |
||
| 336 |
_aنص _btxt _2rdacontent _3أطروحة |
||
| 337 |
_aبدون وسيط _bn _2rdamedia |
||
| 338 |
_aمجلد _bnc _2rdacarrier |
||
| 502 | _aأطروحة (ماجستير)-جامعة أم القرى، 1400 هجري. | ||
| 650 | 7 |
_aالحظر والإباحة (أصول فقه) _2aucsh |
|
| 650 | 7 |
_aالحلال والحرام _2aucsh |
|
| 700 |
_aأبو سليمان, عبد الوهاب إبراهيم. _eإشراف |
||
| 942 |
_2ddc _cTHESES _n0 |
||
| 949 |
_aSA-JeALM _d251208 _umohamedma123 _n1 |
||
| 999 |
_c13563 _d13563 |
||